000 01191nam2a22003011 4500
001 v19\rc\1378996
005 20250618090240.0
035 _a(NLR Aleph) 004514679
090 _a4804858
_c4804858
100 _a20060512d1869 |||y0rusy50 ca
101 0 _arus
102 _aRU
105 _ay z |||||
200 0 _aКн. 1
215 _aVI, [2], 219 с.
461 0 _1001v19\rc\1378995
_12001#$aЗамечательные судебные дела$eСб. процессов, характеризующих соврем. быт. о-ва$vКн. 1
_1700#1$aНос$bА.Е.$f1842-1910$gАндрей Евдокимович
_94804851
_aНос, А.Е. (1842-1910)
_cМосква
_d1869
_nЧеркесов
_oСб. процессов, характеризующих соврем. быт. о-ва. Кн. 1-2
_p2 т.
_tЗамечательные судебные дела
_vКн. 1
801 0 _aRU
_bNLR
_gpsbo
801 0 _aRU
_bRuMoRGB
_2psbo
801 1 _aRU
_bProSoft-M
_2rusmarc
852 _aNLR
_j10/26(1)
852 _aNLR
_j18.122.4.52(1)
899 _aRuMoRGB
_jE 105/94
899 _aRuMoRGB
_jW 406/110
899 _aБАН
899 _aГПИБ
942 _cBOOK
980 _aNB